000 00335nam a2200145Ia 4500
005 20251223000717.0
008 251222s9999||||xx |||||||||||||| ||spa||
020 _a1403971692
082 _a658.834.309.51/D85
100 _aDoctoroff, Tom
245 0 _aBillions:
250 _a1ra.ed.
264 _bPalgrave Macmillan
942 _cLIB
999 _c41513
_d41513